000 004370000a22001690004500
003 MACL
005 20160109130849.0
008 160109b xxu||||| |||| 00| 0 eng d
040 _aMACL
_cMACL
041 _aEnglish
082 _a920/ALI
100 _aAli, Tariq
_91663
245 _aThe Nehrus And The Gandhis An Indian Dynasty
260 _bPicador Published
_c1985
_aLondon
650 _aBiography
_930344
942 _cBK
_k920/Ali
_2ddc
999 _c34016
_d34016